| 000 | 00538nam a2200169 a 4500 | ||
|---|---|---|---|
| 005 | 20240913064014.0 | ||
| 008 | 991125s1950 mx 000 0 spa u | ||
| 035 | _aUPN01000001667 | ||
| 049 | _aF | ||
| 050 | 4 |
_aF1232 M6 _bR5.3 |
|
| 100 | 1 | _aRico Cano, Tomás | |
| 245 | 1 | 0 |
_aAlgunas notas sobre el pensamiento político y jurídico de don José María Morelos / _cTomás Rico Cano. |
| 260 |
_aMorelia : _bSociedad de Alumnos de la FDCS, _c1950. |
||
| 300 | _a15 p. | ||
| 600 | 1 | 0 |
_aMorelos, José María, _d1765-1815 _945128 |
| 905 | _aLibro | ||
| 999 |
_c1667 _d1667 |
||